000 00907nam a2200313Ia 4500
003 GCL
008 140319s9999 xx 000 0 ara d
040 _aGCL /
_cGCL
082 0 4 _aط
_b031
_bد ا
100 1 _aاحمد نجيب
245 1 0 _aدائرة المعارف العالمية المصورة /
_cاحمد نجيب
700 1 _aعبدالجليل حماد
700 1 _aحسن محمد عبد الشافى
700 1 _aاسامة عبدالكريم السكرى
300 _aمتعدد
490 _aكتب تايم لايف
_v0
650 0 4 _aدوائر المعارف
650 0 4 _aالاطفال
650 0 4 _aالطقس
650 0 4 _aالنباتات
650 0 4 _aالحشرات
650 0 4 _aالارض
650 0 4 _aالحيوان
650 0 4 _aالطبيعة
650 0 4 _aالسماء
650 0 4 _aالاجسام
650 0 4 _aالاجنحة
942 _2ddc
_cBK
999 _c49634
_d49634